Statistiques concernant Tous les jeux Mario NES

Cliquez ici pour prendre le quiz!

Statistiques générales

  • Ce quiz a été pris 12 fois
  • Le résultat moyen est 5 sur 10

Statistiques - réponses

Date sortieNom% Correct
05/1987Super Mario Bros.
91%
09/1986Mario Bros.
82%
04/1989Super Mario Bros. 2
82%
08/1991Super Mario Bros. 3
82%
06/1986Super Mario Bros. : The Lost Levels
55%
06/1991Dr. Mario
27%
12/1992Mario et Yoshi
18%
07/1993Mario is missing !
9%
04/1994Mario's Time Machine
9%
06/1992NES Open Tournament Golf
9%

Distribution des résultats

Percentile par nombre de réponses

% des personnes avec chaque résultat

Votre développement - résultats

Vous n’avez pas pris ce quiz